|
|
|
|
| LEADER |
01975nam a2200409 a 4500 |
| 001 |
EBC312875 |
| 003 |
MiAaPQ |
| 005 |
20200520144314.0 |
| 006 |
m o d | |
| 007 |
cr cn||||||||| |
| 008 |
060811s2007 enkab sb 001 0 eng |
| 010 |
|
|
|z 2006025893
|
| 015 |
|
|
|a GBA705015
|2 bnb
|
| 016 |
7 |
|
|z 013645995
|2 Uk
|
| 020 |
|
|
|z 1845932080 (pbk. : alk. paper)
|
| 020 |
|
|
|z 9781845932084 (pbk. : alk. paper)
|
| 035 |
|
|
|a (MiAaPQ)EBC312875
|
| 035 |
|
|
|a (Au-PeEL)EBL312875
|
| 035 |
|
|
|a (CaPaEBR)ebr10188913
|
| 035 |
|
|
|a (CaONFJC)MIL95301
|
| 035 |
|
|
|a (OCoLC)568410222
|
| 040 |
|
|
|a MiAaPQ
|c MiAaPQ
|d MiAaPQ
|
| 050 |
|
4 |
|a GV1851.A35
|b C53 2007
|
| 082 |
0 |
4 |
|a 791.06/8
|2 22
|
| 084 |
|
|
|a 83.67
|2 bcl
|
| 100 |
1 |
|
|a Clave, Salvador Anton.
|
| 245 |
1 |
4 |
|a The global theme park industry
|h [electronic resource] /
|c Salvador Anton Clave.
|
| 260 |
|
|
|a Wallingford, UK ;
|a Cambridge, MA :
|b CABI,
|c c2007.
|
| 300 |
|
|
|a xxi, 459 p. :
|b ill., maps.
|
| 500 |
|
|
|a "Translated by Andrew Clarke"--T.p. verso.
|
| 504 |
|
|
|a Includes bibliographical references (p. 429-447) and index.
|
| 505 |
0 |
|
|a The social origins of the theme park concept -- Development and categorisation -- Globalization of the theme park industry -- A profile of major theme park operators -- Theme parks and the commercialisation of leisure -- The urbanism of theme parks and spatial innovation -- The impact of theme parks -- The development of theme park destinations -- Factors influencing the development process -- Basic principles of theme park planning -- The architectonical design of a theme park -- Management strategies.
|
| 533 |
|
|
|a Electronic reproduction. Ann Arbor, MI : ProQuest, 2015. Available via World Wide Web. Access may be limited to ProQuest affiliated libraries.
|
| 650 |
|
0 |
|a Amusement parks
|x History.
|
| 655 |
|
4 |
|a Electronic books.
|
| 710 |
2 |
|
|a ProQuest (Firm)
|
| 856 |
4 |
0 |
|u https://ebookcentral.proquest.com/lib/matrademy/detail.action?docID=312875
|z Click to View
|